CBS dictionary for nursery

Պահպանված է:
Մատենագիտական մանրամասներ
Հիմնական հեղինակ: D'SOUZA, Jacinta
Ձևաչափ: Գիրք
Լեզու:անգլերեն
Հրապարակվել է: CBS Publishers 2017
Ցուցիչներ: Ավելացրեք ցուցիչ
Չկան պիտակներ, Եղեք առաջինը, ով նշում է այս գրառումը!

MARC

LEADER 00000nam a22000007a 4500
008 231222b |||||||| |||| 00| 0 eng d
020 |a 9788123927169 
100 |a D'SOUZA, Jacinta 
245 |a CBS dictionary for nursery  |c /Jacintha D'Souza  |g xxxii,831p;ill 
260 |b CBS Publishers  |c 2017  |h New Delhi  |i 701042  |i 701043  |l RT21.D84  |m Nursing - Dictionaries 
500 |a it includes index 
942 |a lcc  |c BK  |e Johnson  |f 22/12/23 
952 |0 0  |1 0  |2 lcc  |4 0  |6 RT0021 D84  |7 0  |9 4705  |a RF  |b HOL  |c QZ  |d 2023-12-22  |l 0  |o RT21.D84  |p 2023-0619  |r 2023-12-22 00:00:00  |t 701042  |w 2023-12-22  |y BK 
952 |0 0  |1 0  |2 lcc  |4 0  |6 RT0021 D84  |7 0  |9 4706  |a RF  |b HOL  |c QZ  |d 2023-12-22  |l 0  |o RT21.D84  |p 2023-0618  |r 2023-12-22 00:00:00  |t 701043  |w 2023-12-22  |y BK 
999 |c 2359  |d 2359